Central Library OPAC University of Rajshahi
Normal view MARC view

Entry Topical Term

Number of records used in: 2

001 - CONTROL NUMBER

  • control field: 1059

003 - CONTROL NUMBER IDENTIFIER

  • control field: BD-RjUL

005 - DATE AND TIME OF LATEST TRANSACTION

  • control field: 20220201130100.0

008 - FIXED-LENGTH DATA ELEMENTS

  • fixed length control field: 220201|| aca||aabn | a|a d

040 ## - CATALOGING SOURCE

  • Original cataloging agency: BD-RjUL
  • Transcribing agency: BD-RjUL

150 ## - HEADING--TOPICAL TERM

  • Topical term or geographic name entry element: Forgiveness
  • General subdivision: Religious aspects
  • General subdivision: Christianity

670 ## - SOURCE DATA FOUND

  • Source citation: Work cat.: (BD-RjUL)79305: شلش، محمد جميل. ;; Shalash, Mohamed Jamil. 1058, غفران : شعر ;; Ghufrān : shaer :, 1966.